Pays et paires de frontières - Statistiques

Statistiques générales
  • Ce quiz a été pris 392 fois
    328 depuis la dernière actualisation
  • Le résultat moyen est 16 sur 20
Statistiques - réponses
indice pays % Correct
France, Italie Suisse
99%
France, Pologne Allemagne
98%
Norvège, Suède Finlande
95%
Autriche, Roumanie Hongrie
91%
Espagne, France Andorre
90%
Chili, Pérou Bolivie
88%
Jordanie, Yémen Arabie Saoudite
87%
Russie, Tchéquie Pologne
84%
Bulgarie, Moldavie Roumanie
84%
Chine, Népal Inde
83%
Albanie, Grèce Macédoine
83%
Afghanistan, Turquie Iran
81%
Colombie, Venezuela Brésil
80%
Bangladesh, Laos Birmanie
76%
Érythrée, Tchad Soudan
76%
Niger, Sénégal Mali
72%
Gabon, Guinée équatoriale Cameroun
70%
Kazakhstan, Turkménistan Ouzbékistan
68%
Namibie, Tanzanie Zambie
63%
Bénin, Côte d'Ivoire Burkina Faso
56%
Aucun quiz correspondant
Distribution des résultats
% des personnes avec chaque résultat
Percentile par nombre de réponses
Votre historique - résultats
Vous n’avez pas pris ce quiz depuis la dernière actualisation